| 000 -LEADER |
| fixed length control field |
00339nam a2200145 4500 |
| 003 - CONTROL NUMBER IDENTIFIER |
| control field |
OSt |
| 005 - DATE AND TIME OF LATEST TRANSACTION |
| control field |
20210624171232.0 |
| 008 - FIXED-LENGTH DATA ELEMENTS--GENERAL INFORMATION |
| fixed length control field |
210624b ||||| |||| 00| 0 eng d |
| 020 ## - INTERNATIONAL STANDARD BOOK NUMBER |
| International Standard Book Number |
9781568982496 |
| 082 ## - DEWEY DECIMAL CLASSIFICATION NUMBER |
| Classification number |
701.8 |
| Item number |
ELA |
| 100 ## - MAIN ENTRY--PERSONAL NAME |
| Personal name |
Elam kimberly |
| 245 ## - TITLE STATEMENT |
| Title |
Geometry of design |
| 260 ## - PUBLICATION, DISTRIBUTION, ETC. (IMPRINT) |
| Name of publisher, distributor, etc |
Princeton architectural press |
| 942 ## - ADDED ENTRY ELEMENTS (KOHA) |
| Source of classification or shelving scheme |
|